00822nam a2200181 a 450000500170000000800410001702000180005804000270007604100080010304400070011108200190011824501420013726000500027930000900032965000900041965000920050970000390060120160901120248.0160901t2010 ck ado||r|||| 00| 0 spa d a9789588332345 aCO-BoIAVH cCO-BoIAVH 0 aspa ack04a333.7068bP96l00aProcesos locales del sistema departamental de áreas protegidas del Valle del Cauca - SIDAP Valle / ccompilado por Yazmín Rojas Lenis a[Santiago de Cali?], Colombia :bCVC,cc2010. a61 páginas : bilustraciones a color, mapas y fotografías a color ; c21 x 14 cm.26aZonas protegidasxcomunidad localxProcesoszColombiazValle del Cauca (Departamento)26aReservas naturalesxcomunidad localxProcesoszColombiazValle del Cauca (Departamento)1 aRojas Lenis, Yazmínecompiladora